50 Classical-era figures - Statistics

General Stats
  • This quiz has been taken 103 times
  • The average score is 26 of 50
Answer Stats
Hint Answer % Correct
First Roman emperor Augustus
95%
Marched with elephants Hannibal
95%
Greatest conqueror Alexander
93%
Crossed the Rubicon Julius Caesar
93%
Wall builder Hadrian
91%
Caesar's assassin Brutus
89%
Death by asp Cleopatra
86%
Founded the Academy Plato
86%
Teacher of Alexander Aristotle
84%
Led the 300 Leonidas
83%
Gladiator rising leader Spartacus
83%
'Eureka!' Archimedes
79%
Father of philosophy Socrates
76%
Early doctor known for an oath Hippocrates
72%
Wrote 'Metamorphoses' Ovid
72%
Queen of Carthage Dido
71%
King of Macedon Phillip
70%
Roman orator Cicero
66%
British rebel Boudica
63%
Father of history/Father of lies Herodotus
63%
The blind poet Homer
61%
Ruled Persia at its greatest extent Darius
59%
Remade Roman empire in Byzantium Constantine
57%
'The Great' triumverate member Pompey
57%
Richest triumverate member Crassus
55%
Leader of Athens Pericles
55%
Founded Achaemenid empire Cyrus
54%
Ruled Rome at its greatest extent Trajan
54%
Wrote 'The Aeneid' Virgil
53%
Unsuccessfully invaded Greece Xerxes
51%
"And Carthage must be destroyed" Cato the Wise
38%
Wrote 'Oedipus Rex' Sophocles
38%
Wrote 'Medea' and 'Electra' Euripides
36%
Wife of Augustus Livia
36%
Recorded Vesuvius eruption Pliny the Elder
36%
Massacre of the innocents Herod
32%
Tribal invader of Italy Attila
30%
Physician to emperors Galen
30%
King of the visigoths Alaric
28%
Roman dictator Sulla
26%
Queen of Palmyra Zenobia
25%
Athenian general and historian Thucydides
21%
Ode writer Horace
18%
Rich by Minting first gold coins Croesus
14%
Historian of the Punic wars Livy
13%
Rude Latin poems Catullus
9%
Assyrian destroyer of Babylon Sennacherib
8%
Phoenician king of Tyre Hiram
7%
Alexandria's Roman thinker Ptolemy
7%
Athenian tyrant Hippias
3%
No matching quizzes found
Score Distribution
Percent of People with Each Score
Percentile by Number Answered
Your Score History
You have not taken this quiz